Datum a čas kvízu
29
Celkem bodů
Celkový počet nahraných bodů na tomto kvízu bez doplňovacích otázek.
4.
Pořadí na kvízu
Konečné umístění týmu na tomto kvízu.
Zaznamenané odpovědi
| # | Otázka | Odpověď | Body | Výsledky |
|---|---|---|---|---|
| -14. | Palackého univerzita minulý tý... | Zdeněk Ondráček, KSČM | 0.5 | |
| -13. | Lékaři ve Fakultní nemocnici B... | operace se uskutečnila dutinou ústní z vnitřní strany rtu | 0 | |
| -12. | V pražském Průmyslovém paláci... | The Prague Education Festival | 0 | |
| -11. | Na konci minulého týdne jste s... | Lufthansa | 0 | |
| -10. | V pražské O2 areně se v sobotu... | Karlos Vémola, Attila Végh | 1 | |
| 1. | V následujících pěti otázkách... | sv. Petr | 1 | |
| 2. | Pražské ulice už několik let b... | Škoda 14T | 0 | |
| 3. | Mezi pražské rodáky patřil če... | Karel Sabina | 0 | |
| 4. | Spojte jednotlivé fakulty Univ... | 1B 2A 3C 4D | 0 | |
| 5. | Který z těchto mužů nikdy v mi... | D | 1 |